[Event "TCh-CHN 2016"]
[Site "China CHN"]
[Date "2016.04.14"]
[Round "3.2"]
[Board "4"]
[White "Xiao, Yiyi"]
[Black "Du, Yuxin"]
[Result "1-0"]
[WhiteTitle "WFM"]
[WhiteElo "2222"]
[BlackElo "2074"]
[WhiteTeam "Tianjing"]
[BlackTeam "Shenzhen"]
[WhiteFideId "8606161"]
[BlackFideId "8610282"]
[EventDate "2016.04.12"]

1. d4 Nf6 2. c4 e6 3. g3 Bb4+ 4. Bd2 Qe7 5. Bg2 O-O 6. Nf3 Bxd2+ 7. Qxd2 d6 8.
Nc3 e5 9. O-O Bg4 10. Rfe1 Re8 11. h3 Bxf3 12. exf3 Nc6 13. d5 Nd4 14. f4 c5 15.
dxc6 bxc6 16. Rad1 Rad8 17. Na4 Qc7 18. Qc1 Qa5 19. Nc3 Qc5 20. b3 h6 21. Na4
Qb4 22. Kh2 c5 23. fxe5 dxe5 24. Nb2 Qa5 25. Na4 Qb4 26. Qc3 Qxc3 27. Nxc3 Kf8
28. Re3 Rc8 29. Nb5 Re7 30. Nc3 a5 31. Na4 Nd7 32. Bd5 f6 33. Kg2 Ree8 34. g4
Rc7 35. Rd2 Rb8 36. h4 Nb6 37. Nc3 Ra7 38. g5 Nf5 39. Rh3 a4 40. Ne4 Nxd5 41.
Rxd5 axb3 42. axb3 Ke7 43. Rxc5 Rab7 44. Nd2 Rd8 45. Nf3 Nd6 46. Nd2 Nf5 47. Ne4
Rd4 48. gxf6+ gxf6 49. Nc3 Rg4+ 50. Kf1 Kd6 51. Rd5+ Ke6 52. Nb5 h5 53. Rf3 Rbg7
54. Rc5 Ne7 55. Nc7+ Kf7 56. Rxe5 Rxh4 57. Re6 Ng8 58. Rd6 Rh1+ 59. Ke2 Rg5 60.
Nd5 Re5+ 61. Kd2 f5 62. Rd7+ Kf8 63. Rg3 Ne7 64. Nxe7 Rxe7 65. Rd5 Rf7 66. Rg5
Rb1 67. Kc3 Rc1+ 68. Kb4 Rb7+ 69. Rb5 Rxb5+ 70. Kxb5 Kf7 71. Rxf5+ Kg6 72. Rf8
Kg7 73. Rf3 Kg6 74. Rh3 Kg5 75. f3 h4 76. c5 Kh5 77. c6 1-0

[Event "TCh-CHN 2016"]
[Site "China CHN"]
[Date "2016.04.14"]
[Round "3.2"]
[Board "5"]
[White "Khotenashvili, Bela"]
[Black "Xu, Yuze"]
[Result "1-0"]
[WhiteTitle "GM"]
[WhiteElo "2493"]
[BlackElo "1812"]
[WhiteTeam "Tianjing"]
[BlackTeam "Shenzhen"]
[WhiteFideId "13602640"]
[BlackFideId "8614466"]
[EventDate "2016.04.12"]

1. d4 Nf6 2. c4 e6 3. g3 Bb4+ 4. Bd2 Qe7 5. Nf3 Nc6 6. Bg2 Bxd2+ 7. Nbxd2 d6 8.
O-O O-O 9. a3 e5 10. d5 Nb8 11. Ne1 a5 12. e4 b6 13. Nd3 Ne8 14. f4 exf4 15.
gxf4 Qh4 16. Nf3 Qh5 17. Nd4 Bg4 18. Qd2 Bh3 19. Rf3 Bc8 20. Rg3 f6 21. Re1 Qf7
22. e5 fxe5 23. fxe5 dxe5 24. Ne6 Nd7 25. Nxf8 Qxf8 26. Nxe5 Nxe5 27. Rxe5 Bb7
28. Qd4 Rd8 29. Bh3 Kh8 30. Be6 Qf6 31. Re4 h6 32. Qxf6 Nxf6 33. Rd4 Bc8 34.
Bxc8 Rxc8 35. Re3 Kg8 36. Re6 Rd8 37. Rc6 Ne8 38. c5 b5 39. Ra6 a4 40. Ra5 Rb8
41. d6 cxd6 42. cxd6 Rd8 43. Rxb5 Rxd6 44. Rxd6 Nxd6 45. Rb4 Kf7 46. Rxa4 Ke6
47. Rg4 g5 48. a4 Kd5 49. b4 Kc6 50. Rd4 Nc8 51. Kg2 Nb6 52. a5 Na4 53. b5+ Kxb5
54. Rxa4 1-0

[Event "TCh-CHN 2016"]
[Site "China CHN"]
[Date "2016.04.14"]
[Round "3.3"]
[Board "1"]
[White "Liu, Yan"]
[Black "Yu, Ruiyuan"]
[Result "1/2-1/2"]
[WhiteTitle "FM"]
[BlackTitle "GM"]
[WhiteElo "2413"]
[BlackElo "2516"]
[WhiteTeam "Chongqing"]
[BlackTeam "Jiangsu"]
[WhiteFideId "8608962"]
[BlackFideId "8603090"]
[EventDate "2016.04.12"]

1. d4 d5 2. c4 dxc4 3. Nc3 Nf6 4. Nf3 a6 5. a4 e6 6. e3 c5 7. Bxc4 Nc6 8. O-O
Be7 9. Ne5 cxd4 10. Nxc6 bxc6 11. exd4 a5 12. Qd3 O-O 13. Bg5 Nd5 14. Bxe7 Qxe7
15. Ne4 Ba6 16. b3 Rfd8 17. Rfd1 Nb4 18. Qc3 Bxc4 19. bxc4 f5 20. Nc5 e5 21. Re1
e4 22. f3 Qf6 23. Rad1 exf3 24. Re6 Qh4 25. gxf3 Ra7 26. Qe3 h6 27. Rd2 Kh7 28.
f4 Rg8 29. Rg2 Qh5 30. h3 Rf7 31. Kh2 g5 32. Re7 gxf4 33. Rxf7+ Qxf7 1/2-1/2

[Event "TCh-CHN 2016"]
[Site "China CHN"]
[Date "2016.04.14"]
[Round "3.3"]
[Board "2"]
[White "Zhou, Weiqi"]
[Black "Lin, Chen"]
[Result "1-0"]
[WhiteTitle "GM"]
[BlackTitle "GM"]
[WhiteElo "2635"]
[BlackElo "2526"]
[WhiteTeam "Chongqing"]
[BlackTeam "Jiangsu"]
[WhiteFideId "8601674"]
[BlackFideId "8602298"]
[EventDate "2016.04.12"]

1. e4 c5 2. Nf3 d6 3. Bb5+ Nc6 4. O-O Bd7 5. c3 Nf6 6. Re1 a6 7. Bf1 Bg4 8. h3
Bh5 9. d3 e6 10. Bf4 Be7 11. Nbd2 O-O 12. a4 d5 13. Qb3 Na5 14. Qa2 Qb6 15. Ne5
Rfd8 16. g4 Bg6 17. h4 dxe4 18. h5 Bxh5 19. gxh5 Nxh5 20. Bh2 exd3 21. Bxd3 Bd6
22. Ndc4 Nxc4 23. Qxc4 Nf6 24. Re2 Qc7 25. Rae1 Nd7 26. Qh4 Nf8 27. Re3 Qe7 28.
Qxe7 Bxe7 29. Be4 Bg5 30. R3e2 Ng6 31. Nxg6 hxg6 32. Bxb7 1-0

[Event "TCh-CHN 2016"]
[Site "China CHN"]
[Date "2016.04.14"]
[Round "3.3"]
[Board "3"]
[White "Wang, Chen"]
[Black "Wei, Yi"]
[Result "0-1"]
[WhiteTitle "IM"]
[BlackTitle "GM"]
[WhiteElo "2514"]
[BlackElo "2700"]
[WhiteTeam "Chongqing"]
[BlackTeam "Jiangsu"]
[WhiteFideId "8601020"]
[BlackFideId "8603405"]
[EventDate "2016.04.12"]

1. e4 c5 2. Nf3 Nc6 3. Bb5 g6 4. O-O Bg7 5. Nc3 Nf6 6. d3 O-O 7. Bxc6 bxc6 8.
Rb1 d6 9. b3 Nh5 10. Ne2 e5 11. Nd2 Qh4 12. Nc4 d5 13. Nd2 f5 14. Ba3 dxe4 15.
dxe4 Rd8 16. Qe1 Bh6 17. Rd1 fxe4 18. Bxc5 Rd5 19. g3 Qh3 20. Nxe4 Bf5 21. N2c3
Rxc5 22. Nxc5 Nf4 23. gxf4 Bxf4 0-1

[Event "TCh-CHN 2016"]
[Site "China CHN"]
[Date "2016.04.14"]
[Round "3.3"]
[Board "4"]
[White "Yuan, Ye"]
[Black "Lei, Tingjie"]
[Result "0-1"]
[BlackTitle "WGM"]
[WhiteElo "2212"]
[BlackElo "2504"]
[WhiteTeam "Jiangsu"]
[BlackTeam "Chongqing"]
[WhiteFideId "8608415"]
[BlackFideId "8605114"]
[EventDate "2016.04.12"]

1. d4 d5 2. c4 e6 3. Nf3 Nf6 4. g3 Be7 5. Bg2 O-O 6. O-O c6 7. Qb3 b6 8. cxd5
cxd5 9. Bf4 Nc6 10. Rc1 Bb7 11. Nbd2 Ne4 12. Qa4 Rc8 13. Ne5 Nxe5 14. Nxe4 Nc6
15. Nc3 a6 16. Qd1 Bf6 17. Be3 b5 18. Qd2 Qa5 19. Rd1 b4 20. Nb1 Qb6 21. h4 a5
22. b3 Ba6 23. Bf3 Rc7 24. a4 bxa3 25. Nxa3 Rfc8 26. Rab1 Be7 27. Nc4 Qb5 28.
Ne5 Bb4 29. Qa2 Nxe5 30. dxe5 Rc2 31. Rb2 Rxb2 32. Qxb2 Bc3 33. Qb1 Bxe5 34. Rc1
Rc3 35. Rxc3 Bxc3 36. Qc2 Qb4 37. g4 Bb7 38. Qd3 Bc6 39. Qa6 Qb7 40. Qxb7 Bxb7
41. Bb6 Ba6 42. e3 Bd3 43. Bd1 Kf8 44. Bd4 Bxd4 45. exd4 Ke7 46. f4 f6 47. Kf2
Kd6 48. Ke3 Bb1 49. h5 h6 50. Kd2 e5 51. fxe5+ fxe5 52. Kc3 e4 53. Be2 Kc6 54.
Bf1 e3 55. b4 axb4+ 56. Kxb4 Be4 57. Be2 Kd6 58. Kb5 Ke6 59. Kc5 Kf6 60. Kd6 Kg5
61. Ke5 Bg2 0-1

[Event "TCh-CHN 2016"]
[Site "China CHN"]
[Date "2016.04.14"]
[Round "3.3"]
[Board "5"]
[White "Guo, Qi"]
[Black "Tan, Zhongyi"]
[Result "1/2-1/2"]
[WhiteTitle "IM"]
[BlackTitle "WGM"]
[WhiteElo "2436"]
[BlackElo "2518"]
[WhiteTeam "Jiangsu"]
[BlackTeam "Chongqing"]
[WhiteFideId "8604002"]
[BlackFideId "8603642"]
[EventDate "2016.04.12"]

1. d4 Nf6 2. Nf3 e6 3. c4 b6 4. a3 Ba6 5. Qc2 Bb7 6. Nc3 c5 7. dxc5 bxc5 8. Bf4
Qb6 9. h3 Be7 10. e3 O-O 11. Be2 d6 12. O-O Nbd7 13. Rfd1 Rfd8 14. Bh2 Nf8 15.
b4 cxb4 16. axb4 Bxf3 17. Bxf3 Rac8 18. Qb3 d5 19. cxd5 Qxb4 20. Qxb4 Bxb4 21.
Nb5 exd5 22. Nxa7 Rc2 23. Rac1 Rxc1 24. Rxc1 Bd6 25. Nc6 Bxh2+ 26. Kxh2 Rd7 27.
Ne5 Re7 28. Nd3 Rd7 29. Rc8 g6 30. g4 h6 31. h4 Kg7 32. Ne5 Rd6 33. Rc7 N6d7 34.
Nxd7 Nxd7 1/2-1/2

[Event "TCh-CHN 2016"]
[Site "China CHN"]
[Date "2016.04.14"]
[Round "3.4"]
[Board "1"]
[White "Ni, Hua"]
[Black "Fang, Yuxiang"]
[Result "1-0"]
[WhiteTitle "GM"]
[BlackTitle "IM"]
[WhiteElo "2681"]
[BlackElo "2502"]
[WhiteTeam "Shanghai"]
[BlackTeam "Qingdao"]
[WhiteFideId "8601160"]
[BlackFideId "8605840"]
[EventDate "2016.04.12"]

1. d4 d5 2. c4 c6 3. Nf3 Nf6 4. Nc3 dxc4 5. a4 Bf5 6. Ne5 e6 7. f3 c5 8. e4 Bg6
9. Be3 cxd4 10. Qxd4 Qxd4 11. Bxd4 Nfd7 12. Nxd7 Nxd7 13. Bxc4 a6 14. Rd1 Rc8
15. Bb3 Rg8 16. h4 h6 17. a5 Bc5 18. Ba4 Bxd4 19. Rxd4 Rc7 20. Ke2 Ke7 21. Rxd7+
Rxd7 22. Bxd7 Kxd7 23. Rd1+ Kc7 24. Rc1 Kb8 25. Na4 Rd8 26. Rc3 f5 27. Nc5 fxe4
28. fxe4 Rd4 29. Rg3 Rc4 30. Nd7+ Kc7 31. Rxg6 Kxd7 32. Rxg7+ Kd6 33. Rxb7 Rxe4+
34. Kf3 Rxh4 35. Rb6+ Kc5 36. Rxa6 e5 37. Rb6 Ra4 38. b4+ Kd4 39. a6 Ra3+ 40.
Kg4 e4 41. b5 Ra2 42. Rb8 e3 43. Kf3 h5 44. b6 Rf2+ 45. Kg3 h4+ 46. Kh2 h3 47.
Kxh3 e2 48. Re8 Kd5 1-0

[Event "TCh-CHN 2016"]
[Site "China CHN"]
[Date "2016.04.14"]
[Round "3.4"]
[Board "2"]
[White "Xu, Yi"]
[Black "Mu, Ke"]
[Result "1/2-1/2"]
[WhiteTitle "FM"]
[WhiteElo "2386"]
[BlackElo "2418"]
[WhiteTeam "Shanghai"]
[BlackTeam "Qingdao"]
[WhiteFideId "8605564"]
[BlackFideId "8602778"]
[EventDate "2016.04.12"]

1. e4 e5 2. Nf3 Nc6 3. Bc4 Bc5 4. c3 Nf6 5. d3 d6 6. Nbd2 a6 7. Bb3 O-O 8. h3 h6
9. Nf1 Be6 10. Ng3 Ba7 11. O-O Re8 12. Qe2 d5 13. Rd1 d4 14. Bd2 Nd7 15. Bxe6
Rxe6 16. Nf5 Nf8 17. c4 Bc5 18. Nh2 Bb4 19. Bc1 b5 20. a3 Be7 21. b4 Bg5 22. Nf3
Bxc1 23. Rdxc1 Ne7 24. cxb5 axb5 25. N3h4 Nxf5 26. Nxf5 c6 27. Qd1 Ra4 28. Kh2
Kh7 29. Qd2 Qa8 30. f4 Qb8 31. Kh1 f6 32. Qf2 g6 33. Ng3 exf4 34. Ne2 Rd6 35.
Nxf4 Nd7 36. Qg3 Ne5 37. Rf1 Qd8 38. Ne2 Qe7 39. Nf4 Rd7 40. Rf2 Rda7 41. Rfa2
Qf7 42. Qf2 Rd7 43. Qc2 h5 44. Ne2 Qe6 45. Nc1 Rd8 46. Nb3 Qf7 47. Nc5 Ra7 48.
a4 bxa4 49. Rxa4 Rxa4 50. Qxa4 Kh6 51. Qc2 Kh7 52. Qf2 1/2-1/2

[Event "TCh-CHN 2016"]
[Site "China CHN"]
[Date "2016.04.14"]
[Round "3.4"]
[Board "4"]
[White "Zhou, Guijue"]
[Black "Zhang, Xiaowen"]
[Result "1/2-1/2"]
[WhiteTitle "WIM"]
[BlackTitle "WGM"]
[WhiteElo "2239"]
[BlackElo "2374"]
[WhiteTeam "Qingdao"]
[BlackTeam "Shanghai"]
[WhiteFideId "8602905"]
[BlackFideId "8603219"]
[EventDate "2016.04.12"]

1. e4 e6 2. d4 d5 3. exd5 exd5 4. Nf3 Bd6 5. Bd3 Ne7 6. O-O O-O 7. Bg5 c6 8. c3
Qc7 9. Nbd2 h6 10. Bxe7 Qxe7 11. Re1 Qf6 12. Ne5 c5 13. Qf3 cxd4 14. cxd4 Bb4
15. Re2 Qxf3 16. Ndxf3 Nd7 17. Nxd7 Bxd7 18. a3 Ba5 19. Re7 Bc6 20. b4 Bd8 21.
Re2 Bb6 22. h3 Rfe8 23. Rae1 Rxe2 24. Rxe2 Re8 25. Rxe8+ Bxe8 26. Kf1 Kf8 27.
Ke2 Ke7 28. Ke3 Kd6 29. Bc2 Bb5 30. g4 a5 31. bxa5 Bxa5 32. h4 Bc3 33. Ne5 f6
34. Nd3 Bd7 35. Bd1 g5 36. hxg5 hxg5 37. f4 gxf4+ 38. Nxf4 Bb2 39. a4 Bc1+ 40.
Kf3 Bc6 41. Bb3 Bb2 42. Ke3 Bc1+ 43. Kf3 Bb2 44. Ke3 Bc1+ 45. Kf3 1/2-1/2

[Event "TCh-CHN 2016"]
[Site "China CHN"]
[Date "2016.04.14"]
[Round "3.4"]
[Board "5"]
[White "Hong, Xing"]
[Black "Ju, Wenjun"]
[Result "1-0"]
[BlackTitle "GM"]
[WhiteElo "1986"]
[BlackElo "2568"]
[WhiteTeam "Qingdao"]
[BlackTeam "Shanghai"]
[WhiteFideId "8606129"]
[BlackFideId "8603006"]
[EventDate "2016.04.12"]

1. e4 c5 2. Nf3 e6 3. d4 cxd4 4. Nxd4 a6 5. Nc3 Qc7 6. f4 b5 7. Bd3 Bb7 8. Qe2
Bc5 9. Nb3 Be7 10. Be3 Nf6 11. O-O-O d6 12. a3 Nbd7 13. Kb1 O-O 14. g4 Nc5 15.
Bd2 d5 16. Nxc5 Bxc5 17. e5 Nd7 18. Rhe1 Bc6 19. f5 exf5 20. gxf5 Rfe8 21. e6
Nf8 22. Qg4 fxe6 23. fxe6 Qb7 24. Re5 g6 25. h4 Qg7 26. Rde1 Bd6 27. Rxd5 h5 28.
Qh3 Bxd5 29. Nxd5 Bc5 30. Bc3 Bd4 31. Bxd4 Qxd4 32. Nc7 Qf2 33. Rf1 Qc5 34. Nxa8
Rxa8 35. Qg2 Ra7 36. Bxg6 Nxg6 37. Qxg6+ Rg7 38. Qe8+ Kh7 39. Rf7 Qc4 40. Rxg7+
Kxg7 41. Qf7+ Kh6 42. Qf8+ Kg6 43. e7 1-0

[Event "TCh-CHN 2016"]
[Site "China CHN"]
[Date "2016.04.14"]
[Round "3.5"]
[Board "1"]
[White "Yu, Yangyi"]
[Black "Wen, Yang"]
[Result "1/2-1/2"]
[WhiteTitle "GM"]
[BlackTitle "GM"]
[WhiteElo "2738"]
[BlackElo "2614"]
[WhiteTeam "Beijing"]
[BlackTeam "Shandong"]
[WhiteFideId "8603820"]
[BlackFideId "8602956"]
[EventDate "2016.04.12"]

1. Nf3 d5 2. d4 Nf6 3. c4 c6 4. Nc3 e6 5. Bg5 dxc4 6. e4 b5 7. e5 h6 8. Bh4 g5
9. Nxg5 hxg5 10. Bxg5 Be7 11. exf6 Bxf6 12. Bxf6 Qxf6 13. g3 Na6 14. Bg2 Bb7 15.
Ne4 Qe7 16. O-O O-O-O 17. h4 c5 18. a4 Rxd4 19. Qe2 b4 20. Rfd1 Bd5 21. Ng5 Re8
22. Rxd4 cxd4 23. Bxd5 exd5 24. Qg4+ Kb8 25. Qxd4 Qe5 26. Qd2 Qf5 27. Kg2 Rc8
28. Nf3 c3 29. Qe2 Nc5 30. bxc3 bxc3 31. Nd4 1/2-1/2

[Event "TCh-CHN 2016"]
[Site "China CHN"]
[Date "2016.04.14"]
[Round "3.5"]
[Board "2"]
[White "Wang, Yiye"]
[Black "Zhao, Jun"]
[Result "1/2-1/2"]
[WhiteTitle "IM"]
[BlackTitle "GM"]
[WhiteElo "2442"]
[BlackElo "2634"]
[WhiteTeam "Beijing"]
[BlackTeam "Shandong"]
[WhiteFideId "8606021"]
[BlackFideId "8602522"]
[EventDate "2016.04.12"]

1. e4 e5 2. Nf3 Nc6 3. Bb5 a6 4. Ba4 Nf6 5. O-O Be7 6. Bxc6 dxc6 7. Qe1 Nd7 8.
b3 O-O 9. Bb2 Bd6 10. d3 Re8 11. Nbd2 Nf8 12. Nc4 Ng6 13. d4 exd4 14. Nxd6 cxd6
15. Nxd4 f6 16. Qc3 c5 17. Qc4+ d5 18. Qxc5 dxe4 19. Rad1 Bg4 20. f3 exf3 21.
Nxf3 Qc8 22. Qxc8 Raxc8 23. Rd2 Red8 24. Rfd1 Rxd2 25. Rxd2 Kf7 26. Kf2 Bf5 27.
c4 Nf4 28. Ne1 Re8 29. Bd4 Be4 30. Bb6 Bc6 31. Bc5 g5 32. Bd6 Re4 33. Nd3 Nxg2
34. Nb4 Nh4 35. Nxc6 bxc6 36. Bc5 Rg4 37. Rd7+ Kg6 38. Rd6 Rg2+ 39. Kf1 Rxh2 40.
Bd4 Rxa2 41. Rxc6 Kh5 42. Rxf6 Kg4 43. c5 Nf3 44. Be3 a5 45. c6 Rc2 46. Rh6 Ne5
47. Rxh7 Rxc6 48. Ra7 Rf6+ 49. Ke2 Nc6 50. Rg7 Rf5 51. Kd3 Ne5+ 52. Ke2 Nf7 53.
Rg8 Rb5 54. Bd2 Kg3 55. Rg7 Rf5 56. Bxa5 Rxa5 57. Rxf7 g4 58. Kd3 Rg5 59. b4 Kh2
60. Kc4 g3 61. b5 g2 62. Rf2 Kh3 63. Rxg2 Rxg2 64. b6 Rb2 65. Kc5 Kg4 66. Kc6
Kf5 67. b7 Ke6 68. Kc7 Ke5 1/2-1/2

[Event "TCh-CHN 2016"]
[Site "China CHN"]
[Date "2016.04.14"]
[Round "3.5"]
[Board "3"]
[White "Chen, Qi b"]
[Black "Bu, Xiangzhi"]
[Result "0-1"]
[BlackTitle "GM"]
[WhiteElo "2225"]
[BlackElo "2719"]
[WhiteTeam "Beijing"]
[BlackTeam "Shandong"]
[WhiteFideId "8614733"]
[BlackFideId "8601445"]
[EventDate "2016.04.12"]

1. e4 e5 2. Nf3 d6 3. d4 exd4 4. Nxd4 Nf6 5. Nc3 Be7 6. g3 O-O 7. Bg2 Re8 8. O-O
c6 9. h3 Bf8 10. Bf4 Nbd7 11. Qd2 Ne5 12. b3 b5 13. Rad1 b4 14. Na4 c5 15. Nb5
Bxh3 16. Bxe5 Nxe4 17. Bxe4 Bxf1 18. Rxf1 Rxe5 19. Bxa8 Qxa8 20. f4 Re7 21. Re1
Rxe1+ 22. Qxe1 Qc6 23. c4 a6 24. Nbc3 bxc3 25. Nxc3 Qc8 26. Nd5 Qd8 27. a3 a5
28. Qc3 f5 29. Kg2 h5 30. Kh3 Kf7 31. Qf3 g6 32. Nc3 Qe7 33. Qd5+ Kg7 34. Nb5
Kh7 35. Qd2 Qe4 36. Kh2 Qf3 37. Qd5 Qxb3 38. Qf7+ Bg7 39. Nxd6 h4 40. Nxf5 Qc2+ 0-1

[Event "TCh-CHN 2016"]
[Site "China CHN"]
[Date "2016.04.14"]
[Round "3.5"]
[Board "4"]
[White "Zhai, Mo"]
[Black "Wang, Jue"]
[Result "1/2-1/2"]
[WhiteTitle "WGM"]
[BlackTitle "WGM"]
[WhiteElo "2371"]
[BlackElo "2380"]
[WhiteTeam "Shandong"]
[BlackTeam "Beijing"]
[WhiteFideId "8600201"]
[BlackFideId "8604070"]
[EventDate "2016.04.12"]

1. d4 Nf6 2. Nf3 g6 3. Bf4 Bg7 4. e3 O-O 5. Nbd2 d6 6. h3 b6 7. a4 a6 8. c3 Bb7
9. Bc4 Nbd7 10. O-O e6 11. Re1 Qe7 12. e4 e5 13. dxe5 dxe5 14. Bh2 a5 15. Bb5
Rfd8 16. Qc2 Nh5 17. Nf1 Nf4 18. Ne3 Nf6 19. Nd5 N4xd5 20. exd5 Nxd5 21. Nxe5
Qf6 22. Qe4 c6 23. Bc4 Re8 24. Qf3 Qxf3 25. Nxf3 Bf8 26. Ng5 Rad8 27. Rad1 h6
28. Ne4 Kg7 29. Bb3 f5 30. Nd2 Bc5 31. Nf3 g5 32. Be5+ Kg6 33. Bc2 Bc8 34. g4
Rf8 35. h4 Nf4 36. h5+ Kf7 37. gxf5 Rxd1 38. Rxd1 Nxh5 39. Re1 Re8 40. Kg2 Nf6
41. Nd4 Bd7 42. Kf1 Nd5 43. Bd1 Nf4 44. Bb3+ Nd5 45. f6 Bh3+ 46. Kg1 Bxd4 47.
cxd4 Be6 48. Rc1 Rc8 49. Bc4 Nb4 50. Be2 Kg6 51. Rc3 Nd5 52. Bc4 Kf7 53. Rg3 g4
54. f3 Nxf6 55. Bxe6+ Kxe6 56. Bxf6 Kxf6 57. fxg4 Rd8 58. Rc3 Rxd4 59. Rxc6+ Kg5
60. Rxb6 Rxg4+ 61. Kf2 Rxa4 62. Ra6 h5 63. Kg3 h4+ 64. Kh3 Kf5 65. b3 Ra1 66.
Kxh4 Kf4 67. Kh3 Kf3 68. Kh2 Ra2+ 69. Kh3 Ra3 70. Rb6 Ke4 71. Kg4 Kd4 72. Rb5
Kc3 73. Kf4 Rxb3 74. Rxa5 1/2-1/2

[Event "TCh-CHN 2016"]
[Site "China CHN"]
[Date "2016.04.14"]
[Round "3.5"]
[Board "5"]
[White "Chu, Ruotong"]
[Black "Zhao, Xue"]
[Result "1-0"]
[BlackTitle "GM"]
[WhiteElo "2078"]
[BlackElo "2504"]
[WhiteTeam "Shandong"]
[BlackTeam "Beijing"]
[WhiteFideId "8605653"]
[BlackFideId "8601283"]
[EventDate "2016.04.12"]

1. d4 Nf6 2. c4 Nc6 3. Nf3 e6 4. g3 Bb4+ 5. Nbd2 d5 6. Qc2 a5 7. Bg2 O-O 8. O-O
Qe8 9. a3 Bxd2 10. Bxd2 Ne4 11. Be3 Nd6 12. Ng5 g6 13. cxd5 exd5 14. Bxd5 Bf5
15. Qc5 Ra6 16. Bg2 Qe7 17. Nf3 a4 18. Rad1 Na5 19. Nd2 Rfa8 20. Rfe1 Rb6 21.
Qc1 Nb3 22. Nxb3 axb3 23. Bg5 f6 24. e4 Nxe4 25. g4 Qd7 26. Bf4 Nxf2 27. Kxf2
Bc2 28. Rd2 Qxg4 29. Bg3 Qd7 30. d5 f5 31. Rde2 f4 32. Bxf4 Rf8 33. Kg1 Rbf6 34.
Bh6 Bd3 35. Re3 1-0

[Event "TCh-CHN 2016"]
[Site "China CHN"]
[Date "2016.04.14"]
[Round "3.6"]
[Board "2"]
[White "Mamedyarov, Shakhriyar"]
[Black "Xu, Xiangyu"]
[Result "1/2-1/2"]
[WhiteTitle "GM"]
[WhiteElo "2750"]
[BlackElo "2447"]
[WhiteTeam "Zhejiang"]
[BlackTeam "Chengdu"]
[WhiteFideId "13401319"]
[BlackFideId "8608288"]
[EventDate "2016.04.12"]

1. d4 Nf6 2. Nf3 g6 3. g3 Bg7 4. Bg2 d5 5. O-O O-O 6. c3 Bf5 7. Qb3 Qc8 8. c4
dxc4 9. Qxc4 Nbd7 10. Nc3 Nb6 11. Qc5 Re8 12. Ne5 Nfd7 13. Nxd7 Nxd7 14. Qb4 Nb6
15. e4 Bh3 16. Rd1 Bxg2 17. Kxg2 c6 18. Be3 Qe6 19. Rac1 Rad8 20. b3 f5 21. Qa5
f4 22. Bxf4 Rxd4 23. f3 Nc8 24. Ne2 Rd7 25. Be3 Rd6 26. Qc7 Rxd1 27. Rxd1 Nd6
28. Nf4 Qf7 29. Qd7 Bh6 30. Rd3 Rf8 31. Bd2 Qe8 32. Qh3 Bxf4 33. Bxf4 Qc8 34.
Qxc8 Rxc8 35. e5 Nf5 36. g4 Ng7 37. Rd7 Ne6 38. Be3 Kf7 39. Rxb7 c5 40. f4 c4
41. f5 gxf5 42. gxf5 Ng7 43. e6+ Kg8 44. Bxa7 cxb3 45. axb3 Nxf5 46. Kf3 Kg7 47.
Kf4 Kf6 48. Rb5 Nd6 49. Re5 Kg6 50. Bc5 Rf8+ 51. Ke3 Kf6 52. Rh5 Kxe6 53. Rxh7
Kd5 54. b4 Rf6 55. Bxd6 exd6 56. Rh4 Rf1 57. Rg4 Rb1 58. h4 Rb3+ 59. Kf2 Ke5 60.
h5 Rh3 61. Rg5+ Kf4 62. Kg2 Rh4 63. Rb5 Ke4 64. Rg5 Kf4 65. Ra5 Ke4 66. Kg3 Rh1
67. Kg4 Rg1+ 68. Kh4 Kf4 69. Kh3 Rh1+ 70. Kg2 Rh4 71. Rb5 Ke4 72. Kg3 Rh1 73.
Rg5 Rg1+ 74. Kh4 1/2-1/2

[Event "TCh-CHN 2016"]
[Site "China CHN"]
[Date "2016.04.14"]
[Round "3.6"]
[Board "3"]
[White "Lu, Shanglei"]
[Black "Liu, Guanchu"]
[Result "1-0"]
[WhiteTitle "GM"]
[BlackTitle "IM"]
[WhiteElo "2619"]
[BlackElo "2366"]
[WhiteTeam "Zhejiang"]
[BlackTeam "Chengdu"]
[WhiteFideId "8603332"]
[BlackFideId "8603901"]
[EventDate "2016.04.12"]

1. e4 e5 2. Bc4 Nf6 3. d3 c6 4. Nf3 d5 5. Bb3 a5 6. a3 a4 7. Ba2 Bd6 8. exd5
cxd5 9. Bg5 Be6 10. Nc3 Ra5 11. O-O Nc6 12. Re1 O-O 13. h3 h6 14. Bh4 Re8 15.
Qd2 d4 16. Bxf6 Qxf6 17. Ne4 Qd8 18. Bxe6 Rxe6 19. c3 dxc3 20. bxc3 Bf8 21. Qc2
Rd5 22. Red1 f5 23. Ng3 g6 24. h4 Qd7 25. h5 Be7 26. Qxa4 1-0

[Event "TCh-CHN 2016"]
[Site "China CHN"]
[Date "2016.04.14"]
[Round "3.6"]
[Board "4"]
[White "Ren, Xiaoyi"]
[Black "Ding, Yixin"]
[Result "1/2-1/2"]
[BlackTitle "WGM"]
[WhiteElo "2157"]
[BlackElo "2426"]
[WhiteTeam "Chengdu"]
[BlackTeam "Zhejiang"]
[WhiteFideId "8608709"]
[BlackFideId "8602972"]
[EventDate "2016.04.12"]

1. d4 Nf6 2. c4 e6 3. g3 Bb4+ 4. Bd2 a5 5. Bg2 d5 6. Qc1 O-O 7. Nf3 c5 8. dxc5
d4 9. Bxb4 axb4 10. e3 d3 11. Ne5 Ra5 12. Qd2 Rxc5 13. Nxd3 Rxc4 14. b3 Rc7 15.
Nxb4 Rd7 16. Qc2 Qa5 17. Qc3 Rc7 18. Qd2 Rd7 19. Qc3 Rc7 20. Qd2 Rd7 21. Qc3 1/2-1/2

[Event "TCh-CHN 2016"]
[Site "China CHN"]
[Date "2016.04.14"]
[Round "3.6"]
[Board "5"]
[White "Li, Yunshan"]
[Black "Zhu, Jiner"]
[Result "0-1"]
[WhiteTitle "WFM"]
[WhiteElo "2024"]
[BlackElo "2095"]
[WhiteTeam "Chengdu"]
[BlackTeam "Zhejiang"]
[WhiteFideId "8607664"]
[BlackFideId "8608059"]
[EventDate "2016.04.12"]

1. d4 Nf6 2. c4 g6 3. Nc3 Bg7 4. e4 d6 5. h3 O-O 6. Nf3 e5 7. d5 Nh5 8. g3 f5 9.
exf5 gxf5 10. Ng5 Qe8 11. Be2 Nf6 12. Be3 Na6 13. Qd2 Nc5 14. O-O-O h6 15. Bxc5
hxg5 16. Ba3 Qg6 17. c5 Ne8 18. f3 g4 19. hxg4 fxg4 20. fxg4 Bxg4 21. Bd3 Bf5
22. Bxf5 Qxf5 23. Qd3 Qxd3 24. Rxd3 Rf2 25. Re1 Bh6+ 26. Kb1 Bd2 27. Re2 Rf1+
28. Kc2 Bxc3 29. Rxc3 Rd8 30. cxd6 cxd6 31. Rd2 Rf7 32. Bb4 Nf6 33. Rc4 Rg7 34.
Rd3 Kf8 35. Ba5 b6 36. Bb4 Rg4 37. Rxg4 Nxg4 38. a4 Ke7 39. a5 Rc8+ 40. Kb3 b5
41. Rd1 Nf6 42. a6 Rg8 43. Rd3 Rg4 44. Be1 Ra4 45. Bf2 Rxa6 46. Kb4 Ra2 47. Kb3
Ra1 48. Kb4 a6 49. Be3 Ra4+ 50. Kb3 Rg4 51. Bf2 Ne4 52. Bb6 Kd7 53. Kc2 Rxg3 54.
Rd1 Nf6 55. Ba5 Rg4 56. Kb3 Rg5 57. Bc3 Rg3 58. Kc2 Rg4 59. Kb3 Rc4 60. Bb4 Ne4
61. Rh1 Nc5+ 62. Ka3 a5 63. Rh7+ Kc8 64. Rh8+ Kb7 65. Bxc5 Rxc5 66. b4 axb4+ 67.
Kxb4 Rxd5 68. Re8 Rc5 69. Rd8 Kc6 70. Rc8+ Kd5 0-1